000 00704nam a2200205 a 4500
005 20160115060306.0
008 140224s1997 ck ||||| |||| 00| 0 spa d
040 _aCO-BoIAVH
_cCO-BoIAVH
041 _aspa
044 _ack
082 0 4 _a333.783
_bF98i
110 2 _bFundación Neotrópicos
245 1 0 _aIdentificación de actividades prioritarias para el Parque Nacional Natural Paramillo :
_bdiagnóstico /
_cFundación Neotrópicos.
260 _aMedellín :
_bFundación Neotrópicos,
_c1997.
300 _a230 p.
650 1 4 _aParques nacionales
_zColombia
650 2 4 _aParques naturales
_zColombia
710 2 _aEmpresa Multipropósito Urrá
942 _cLIBRO
_2ddc
999 _c948
_d948